Energy, force, and matter : (Record no. 8678)

MARC details
000 -LEADER
fixed length control field 01053pam a2200289 a 4500
001 - CONTROL NUMBER
control field 1843265
003 - CONTROL NUMBER IDENTIFIER
control field OSt
005 - DATE AND TIME OF LATEST TRANSACTION
control field 20240620163222.0
008 - FIXED-LENGTH DATA ELEMENTS--GENERAL INFORMATION
fixed length control field 810922s1982 enka b 001 0 eng
010 ## - LIBRARY OF CONGRESS CONTROL NUMBER
LC control number 81017029
020 ## - INTERNATIONAL STANDARD BOOK NUMBER
International Standard Book Number 0521288126
020 ## - INTERNATIONAL STANDARD BOOK NUMBER
International Standard Book Number 0521288126
040 ## - CATALOGING SOURCE
Original cataloging agency MUST
Transcribing agency MUST
050 00 - LIBRARY OF CONGRESS CALL NUMBER
Classification number QC7
Item number .H257
082 00 - DEWEY DECIMAL CLASSIFICATION NUMBER
Classification number 530 HAR 1982
Edition number 19
100 1# - MAIN ENTRY--PERSONAL NAME
Personal name Harman, P. M.
Fuller form of name (Peter Michael),
9 (RLIN) 17551
245 10 - TITLE STATEMENT
Title Energy, force, and matter :
Remainder of title the conceptual development of nineteenth-century physics /
Statement of responsibility, etc. P.M. Harman.
260 ## - PUBLICATION, DISTRIBUTION, ETC. (IMPRINT)
Place of publication, distribution, etc. Cambridge ;
-- New York :
Name of publisher, distributor, etc. Cambridge University Press,
Date of publication, distribution, etc. 1982.
300 ## - PHYSICAL DESCRIPTION
Extent ix, 182 p. :
Other physical details ill. ;
Dimensions 22 cm.
440 #0 - SERIES STATEMENT/ADDED ENTRY--TITLE
Title Cambridge history of science
9 (RLIN) 7964
504 ## - BIBLIOGRAPHY, ETC. NOTE
Bibliography, etc Bibliography: Includes indexes
650 #0 - SUBJECT ADDED ENTRY--TOPICAL TERM
Topical term or geographic name as entry element Physics
General subdivision History.
9 (RLIN) 7965
650 #0 - SUBJECT ADDED ENTRY--TOPICAL TERM
Topical term or geographic name as entry element Force and energy
General subdivision History.
9 (RLIN) 7966
856 42 - ELECTRONIC LOCATION AND ACCESS
Materials specified Publisher description
Uniform Resource Identifier <a href="http://www.loc.gov/catdir/description/cam032/81017029.html">http://www.loc.gov/catdir/description/cam032/81017029.html</a>
856 41 - ELECTRONIC LOCATION AND ACCESS
Materials specified Table of contents only
Uniform Resource Identifier <a href="http://www.loc.gov/catdir/enhancements/fy0632/81017029-t.html">http://www.loc.gov/catdir/enhancements/fy0632/81017029-t.html</a>
942 ## - ADDED ENTRY ELEMENTS (KOHA)
Source of classification or shelving scheme Dewey Decimal Classification
Koha item type Open Shelf
Holdings
Withdrawn status Lost status Source of classification or shelving scheme Damaged status Not for loan Home library Current library Source of acquisition Inventory number Total Checkouts Full call number Barcode Date last seen Koha item type
    Dewey Decimal Classification     MUST Main Library MUST Main Library Purchase 04/21750   530 HAR 1982 2024-20959 20/06/2024 Open Shelf
    Dewey Decimal Classification     MUST Main Library MUST Main Library Purchase 05/24641   530 HAR 1982 2024-20960 20/06/2024 Open Shelf